Civilización pirenaica (Record no. 29203)

MARC details
000 -LEADER
campo de control de longitud fija 00567nam a2200157 i 4500
001 - NÚMERO DE CONTROL
campo de control 29203
003 - IDENTIFICADOR DE NÚMERO DE CONTROL
campo de control ES-MaACL
005 - FECHA Y HORA DE LA ÚLTIMA TRANSACCIÓN
campo de control 20230906154005.0
007 - CAMPO FIJO DE DESCRIPCIÓN FÍSICA--INFORMACIÓN GENERAL
campo de control de longitud fija t|
008 - DATOS DE LONGITUD FIJA--INFORMACIÓN GENERAL
campo de control de longitud fija 030121s1972 sp ||||1| spa d
100 1# - ENTRADA PRINCIPAL--NOMBRE DE PERSONA
Nombre de persona Ballarin Cornel, Angel.
9 (RLIN) 24975
245 10 - MENCIÓN DEL TÍTULO
Título Civilización pirenaica
Resto del título : vestigios ancestrales, toponimia, leyendas, refranes, adivinanzas y dichos /
Mención de responsabilidad, etc. Angel Ballarin Cornel.
260 ## - PUBLICACIÓN, DISTRIBUCIÓN, ETC.
Lugar de publicación, distribución, etc. [S.l. :
Nombre del editor, distribuidor, etc. s.n.,
Fecha de publicación, distribución, etc. 1972] (
Lugar de fabricación/manufactura Zaragoza :
Fabricante Tall. Gráf. "La Editorial")
300 ## - DESCRIPCIÓN FÍSICA
Extensión 187 p., 7 lám. :
Otras características físicas 4 map. ;
Dimensiones 22 cm.
852 ## - LOCALIZACIÓN
Ubicación ES-MaACL
Número de control de estantería C-45638
Sublocalización o colección R.81315
Holdings
Estatus retirado Estado de pérdida Estado de daño No para préstamo Biblioteca de origen Biblioteca actual Ubicación en estantería Fecha de adquisición Fuente de adquisición Total de préstamos Signatura topográfica completa Código de barras Visto por última vez Precio de reemplazo Tipo de ítem Koha
        Biblioteca del Ateneo de Madrid Biblioteca del Ateneo de Madrid Depósito 2 17/01/2008     C-45638 1030148 23/02/2023 23/02/2023 Libro impreso